000 01460nam a2200325 4500
003 EC-UNACH
005 20260313164331.0
006 s||||gr|||| 00| 00
008 150116t9999 mx r gr 000 0 spa d
020 _a978-987-591-330-1
040 _aEC-UNACH
_cEC-UNACH
041 _aspa
050 _a420.711
082 0 4 _223
_a420.711
_bL018595
100 _aOliva, Sara
245 _aLectocomprensión del Inglés.
_bManual para Matemática, Astronomía y Física
250 _aPrimera Edición
264 _aCórdoba, Argentina
_bEditorial Brujas
_c2012
300 _a170 páginas.
_bGráficos, Tablas.
_c21 x 28 cm
501 _aIncluye: Índice, Tabla de contenidos, Evaluaciones, Referencias.
505 _aGuía Introductoria. Principales aspectos teóricos y practicas de la lectura en el nivel superior -- Guía 1. Palabras estructurales y palabras conceptuales -- Guía 2. Plurales y sustantivos -- Guía 3. Frases sustantivas -- Guía 4 Referencias textuales -- Guía 5. Conectores (de diferentes tipos) -- Guía 6 Tiempo pasado de los verbos (voz pasiva, referencias) -- Guía 7. Tiempo pasado de los verbos -- Guía 8. Funciones de la forma -ing -- Guía 9. Funciones de la forma -ING.
650 _aINGLÉS TÉCNICO
650 _aFUNCIONES
650 _aCONEXTORES
942 _2ddc
_c1
999 _c14414